Statistics for Countries that Competed in the First Winter Olympics (1924)

Click here to take the quiz!

General Stats

  • This quiz has been taken 110 times
  • The average score is 13 of 16

Answer Stats

Athletes Country % Correct
24United States
99%
14Norway
99%
31Sweden
98%
17Finland
96%
12Canada
96%
43France
95%
4Austria
92%
30Switzerland
92%
23Italy
91%
18Belgium
78%
7Poland
77%
4Hungary
77%
44Great Britain
66%
27Czechoslovakia
63%
4Yugoslavia
61%
2Latvia
34%

Score Distribution

Percentile by Number Answered

Percent of People with Each Score

Your Score History

You have not taken this quiz